1er Simposium Barcelona 1976 : 3a edad : política humanizada de la ancianidad : 2 / 7 octubre, Hogares Mundet 3a edad :
Descripción Física:
[24] p. ; 22 cm
Materias:
Vellesa -- Congressos
MARC
| LEADER | 00000nam a2200000Ia 4500 | ||
|---|---|---|---|
| 001 | 19208 | ||
| 008 | 160829s1976 xx 000 0 cat d | ||
| 080 | |a FU-3-11 | ||
| 100 | |a Simpòsium de la Tercera Edat (1r : 1976 : Barcelona) |9 45260 | ||
| 245 | |a 1er Simposium Barcelona 1976 : |b 3a edad : |b política humanizada de la ancianidad : |b 2 / 7 octubre, Hogares Mundet | ||
| 260 | |a Barcelona : |b Abella i Arnau, |c 1976 | ||
| 300 | |a [24] p. ; |c 22 cm | ||
| 650 | |a Vellesa |x Congressos |9 45261 | ||
| 901 | |a Arxiu | ||
| 942 | |n 1 | ||
| 952 | |0 0 |1 0 |4 0 |6 FU311 |7 1 |9 52505 |a Arxiu |b Arxiu |d 2016-12-01 |l 0 |o FU-3-11 |p 19208 |r 2016-12-01 00:00:00 |w 2016-12-01 |y ARXIU | ||
| 999 | |c 56353 |d 56353 | ||